Widok standardowy
Widok MARC
Pozycja Corporate Name
Liczba rekordów, w których użyto hasła: 1
001 - Numer kontrolny
- control field: 40507
003 - Identyfikator numeru kontrolnego
- control field: NUKAT
005 - Data i czas ostatniej modyfikacji
- control field: 20260425100203.0
008 - Dane kontrolne kodowane (40 znaków)
- fixed length control field: 050509n||a|znnaabn |a ana |c
010 ## - Numer kontrolny Biblioteki Kongresu
- numer kontrolny LC: n 2005034137
024 7# - OTHER STANDARD IDENTIFIER
- Standard number or code: 4267156012409249700004
- Source of number or code: viaf
040 ## - Instytucja sporządzająca rekord
- inst. przygot. dane do rek. khw: KR U/39KP
- język haseł przedmiotowych/tezaurus: kaba
- inst. wprow. rek. khw: KR U/39KP
- inst. modyf. rek. khw: Ł U/AGs
110 2# - Hasło - nazwa ciała zbiorowego
- nazwa ciała zbior. lub geogr. na pocz.: Towarzystwo Pomocy Polonii Zagranicznej.
410 2# - Trop zob. - nazwa ciała zbiorowego
- nazwa ciała zbior. lub geogr. na pocz.: Towarzystwo Pomocy Polonji Zagranicznej.
665 ## - Nota historyczna
- nota historyczna: Towarzystwo Pomocy Polonii Zagranicznej zostało utworzone 9 kwietnia 1935 w Warszawie.
670 ## - Źródło informacji
- źródło informacji: Statut Towarzystwa Pomocy Polonji Zagranicznej. - Warszawa, 1935.
670 ## - Źródło informacji
- źródło informacji: Świat Polonii - Witryna Stowarzyszenia "Wspólnota Polska"
- adres internetowy: http://www.wspolnota-polska.org.pl/
- gdzie znaleziono informację: (data utworzenia 1936)